000 00688nam a22002057a 4500
005 20150605115858.0
010 _aENG-112843
020 _c550.00
_a9789380599823
035 _aEN-96375
037 _bDBAD/PUB
082 _a530
100 _aGhosh, Ranajit
245 _aRudiments of physics :
_cby Ranajit Ghosh [and] Ashit Kumar Chakraborty
_bfor W.B.J.E.E..........competitive examinations /
250 _a7th ed
260 _aKolkata
_bAcademic Publishers
_c2012
270 _a5A Bhawani Dutta Lane,
_bKolkata
_e700073
_mwww.acabooks.net
300 _axiv,1113p.:
_c24cm(pbk)
_bill.
_e1CD-ROM
700 _a Chakraborty, Ashit Kumar
942 _2ddc
_cEN
_mGHO
_h530
999 _c93056
_d93056